Equatorial Countries - Sudden Death - Statistics

General Stats
  • This quiz has been taken 58,616 times
    57,863 since last reset
  • The average score is 5 of 11
Answers on the Grid
Answers color-coded by a green-red scale on the quiz's grid according to % correct below.
Argentina
Australia
Bolivia
Brazil
China
Colombia
D. R. Congo
Ecuador
Gabon
Guinea
India
Indonesia
Kenya
Malawi
Mexico
Panama
Rep. of the Congo
Samoa
São Tomé and Príncipe
Somalia
South Africa
Uganda
Vietnam
Yemen
 
Answer Stats
Answer % Correct
Brazil
79%
Ecuador
75%
D. R. Congo
62%
Indonesia
54%
Colombia
48%
Rep. of the Congo
48%
Kenya
44%
Gabon
43%
São Tomé and Príncipe
35%
Uganda
32%
Somalia
29%
No matching quizzes found
Score Distribution
Percent of People with Each Score
Percentile by Number Answered
Your Score History
You have not taken this quiz since the last reset